000 00896cam a2200229 4500
001 WB4037-08
008 040928n2004 000 0 eng u
035 _a(Sirsi) u127541
245 _aGreen space and quality of life
260 _c2004
490 _aRegeneration and Renewal
_v 24 September 2004, 8(1)
520 _aA report highlighting the impact of green space on quality of life in Scotland is published. 'Making the Links: Greenspace and the Partnership Agreement' looks at the contribution green space makes to transport, enterprise and health, young people and communities. For the report: http://www.greenspacescotland.org.uk/upload/pdfs/m akingthelinks.pdf
590 _aWB
590 _aWB
650 _aSCOTLAND
650 _aGREEN SPACE
650 _aQUALITY OF LIFE
650 _aHEALTH
650 _aENTERPRISE
690 _aENVIRONMENT-MANAGEMENT
942 _n0
999 _c118069
_d118069